000 00556nam a22001817a 4500
999 _c3216
_d3216
008 200320b ||||| |||| 00| 0 eng d
020 _a9788175980105
041 0 _aeng
082 0 0 _a343.41096
_bS8441
100 _91603
_aStevens, Edward F.
245 1 0 _aShipping practice: with a consideration of the relevant law /
_cby Edward F. Stevens and C.S.J. Butterfield.
250 _a11th ed.
260 _aMumbai :
_bSterling Book House,
_c2004.
300 _axi, 173 p.
650 0 _aShipping Management
700 _91604
_aButterfield, C.S.J
942 _cBK